000 00282nam a2200097Ia 4500
001 801221
005 20250826171033.0
008 250824s9999 xx 000 0 und d
245 0 _aALİ KOPTER HAYAT OKULUNDA ÖĞRENCİYİM
_cŞEBNEM GÜLER KARACAN
260 _bUĞUR BÖCEĞİ YAYINLARI
999 _c801221
_d801221